| 000 | 02065nam a2200241Ia 4500 | ||
|---|---|---|---|
| 003 | Ost | ||
| 005 | 20260507075251.0 | ||
| 008 | 260507s9999||||xx |||||||||||||| ||und|| | ||
| 020 | _a98701199579 | ||
| 040 | _cfsecg | ||
| 041 | _aara | ||
| 082 | _a330 | ||
| 100 |
_aمطر، محمد _eمؤلف |
||
| 245 | 0 |
_aالمحاسبة المتقدمة : _bحالات و تطبيقات عملية في المشاكل المحاسبية المعاصرة / _c محمد مطر |
|
| 250 | _aطبعة 3 | ||
| 260 |
_aعمان: _bدار وائل, _c2010 |
||
| 300 |
_a430 صفحة؛ _bإيضاحات ؛ _c24 سم |
||
| 504 | _aمراجع ص.419 ؛ قائمة المصطلحات ص.413 | ||
| 520 | _aالاطار النظري لاندماج الشركات ، المحاسبة عن عملية الاندماج بتاريخ حدوثها و بنسبة تملك كاملة و بنسبة تملك غير كاملة ، المحاسبة عن عملية الاندماج بعد حدوثها ، المحاسبة عن عمليات البيع المتبادلة في مجال البضاعة ، المحاسبة عن عمليات البيع المتيادلة في مجال الأصول طويلة الاجل ،المحاسبة عن العمليات المتبادلة في مجال الإقراض ، الاطار النظري للمحاسبة عن العملات الاجنبية ، المحاسبة عن فروقات أسعار الصرف الناتجة عن عمليات او صفقات تجارية تتم بالعملة الاجنبية مغطاة و غير مغطاة بعقود صرف آجلة ، المحاسبة عن فروقات أسعار الصرف الناتجة عن قروض تتم بالعملة الاجنبية ، و الناتجة عن ترجمة القوائم المالية للفروع و الشركات الأجنبية ، الاطار النظري لمحاسبة عقود الايجارو اخيرا المحاسبة عن عقود الايجار. | ||
| 653 | _aالمحاسبة | ||
| 653 | _aتدقيق الحسابات الحكومية | ||
| 942 | _cكتاب | ||
| 999 |
_c43700 _d43700 |
||